|
|
|
|
| LEADER |
00000nam0a2200000 4500 |
| 001 |
88508 |
| 005 |
20231031102649.0 |
| 020 |
|
|
|a RU
|b 81-20666
|
| 035 |
|
|
|a (RuTPU)RU\TPU\book\94992
|
| 090 |
|
|
|a 88508
|
| 100 |
|
|
|a 20051226d1981 k a0rusy5003 ca
|
| 101 |
0 |
|
|a rus
|
| 102 |
|
|
|a RU
|
| 105 |
|
|
|a a z 001zy
|
| 200 |
1 |
|
|a Аппараты с кипящим зернистым слоем
|e гидравлические и тепловые основы работы
|f О. М. Тодес, О. Б. Цитович
|
| 210 |
|
|
|a Ленинград
|c Химия
|c Ленингр. отд-ние
|d 1981
|
| 215 |
|
|
|a 296 с.
|c ил.
|d 21 см.
|
| 314 |
|
|
|a В конце кн. 1-й авт.: Оскар Моисеевич Тодес
|
| 320 |
|
|
|a Библиогр.: с. 286-294
|
| 610 |
1 |
|
|a химическая аппаратура
|
| 610 |
1 |
|
|a кипящий слой
|
| 610 |
1 |
|
|a гидродинамика
|
| 610 |
1 |
|
|a массообмен
|
| 610 |
1 |
|
|a инженерный расчет
|
| 675 |
|
|
|a 66.096
|z rus
|
| 700 |
|
1 |
|a Тодес
|b О.М.
|g Оскар Мовшевич
|4 070
|
| 701 |
|
1 |
|a Цитович
|b О.Б.
|g Олег Борисович
|4 070
|
| 801 |
|
0 |
|a RU
|b RuMRKP
|c 19950704
|g psbo
|
| 801 |
|
1 |
|a RU
|b 63413507
|c 20051226
|g PSBO
|
| 801 |
|
2 |
|a RU
|b 63413507
|c 20160505
|g PSBO
|
| 942 |
|
|
|c BK
|